000 02508njm a2200457Ia 4500
001 26077
003 IT-RoPAU
005 20220918181117.0
008 131025s9999 xx 000 0 und d
040 _aIT-RoPAU
040 _cIT-RoPAU
041 _aITALIANO
999 _c99525
_d99525
999 _bn.d.
100 _aAA.VV.
_9794
100 _eAutore musica
_915528
100 _gCodice autore musica SPICS: 12000
_9796
245 _aFestival di Sanremo '85
250 _a1a ed.
260 _aROMA
260 _bSPICS RECORDS
_c1985 [1a Ed.:1985 - Ed. Lingua Orig.: 1985]
300 _aMUSICASSETTA
300 _c60 minuti (Testo: pag.)
500 _aCanzone italiana. Canzoni presentate al Festival di Sanremo 1985
505 _aNotte serena - Noi ragazzi di oggi - Donne - Buona fortuna - Il profumo del tempo - Questo piccolo grande amore - Cose veloci - Franca ti amo - Volti nella noia - Lasciamoci andare - Black Cars - Why? - I'll Fly For You - Why Is It So Hard?
650 _aCANZONE ITALIAN [CASSETTE]
_eCodice MATERIA SPICS: 9951
_92279
700 _aChristian
_dCodice autore musica SPICS: 10823
_eAutore musica
_pNotte serena
_915529
700 _aMiguel Luis
_dCodice autore musica SPICS: 9873
_eAutore musica
_pNoi ragazzi di oggi
_915530
700 _aFornaciari Zucchero
_dCodice autore musica SPICS: 10901
_eAutore musica
_pDonne
_915531
700 _aLocasciulli Mimmo
_dCodice autore musica SPICS: 1168
_eAutore musica
_pBuona fortuna
_915532
700 _aRicciarelli Katia
_dCodice autore musica SPICS: 16959
_eAutore musica
_pIl profumo del tempo
_915533
700 _aBaglioni Claudio
_dCodice autore musica SPICS: 10741
_eAutore musica
_pQuesto piccolo grande amore
_915534
700 _aGarbo
_dCodice autore musica SPICS: 9887
_eAutore musica
_pCose veloci
_915535
700 _aGraziani Ivan
_dCodice autore musica SPICS: 5852
_eAutore musica
_pFranca ti amo
_915536
700 _aChampagne Molotov
_dCodice autore musica SPICS: 9859
_eAutore musica
_pVolti nella noia
_915537
700 _aValentini Antonio
_dCodice autore musica SPICS: 9834
_eAutore musica
_pLasciamoci andare
_915538
700 _aVannelli Gino
_dCodice autore musica SPICS: 16960
_eAutore musica
_pBlack Cars
_915539
700 _aBronski Beat
_dCodice autore musica SPICS: 11411
_eAutore musica
_pWhy?
_915540
700 _aSpandau Ballet
_dCodice autore musica SPICS: 9875
_eAutore musica
_pI'll Fly For You
_915541
700 _aTalk Talk
_dCodice autore musica SPICS: 11414
_eAutore musica
_pWhy Is It So Hard?
_915542
942 _cMC
_2ddc